000 00656nam a22002057a 4500
003 OSt
005 20240530021126.0
008 240530b |||||||| |||| 00| 0 eng d
020 _a978621436003
040 _aDWC- Main Lib
_cOC
082 _aFil. 991.4 G156r 2019
100 _aGalicia De Mesa, Reynold
245 _aReadings in Philippine history/
_cReynold Galicia De Mesa.
250 _aSecond edition
260 _aMandaluyong City:
_bAzes Publishing Corporation,
_cc2019.
300 _axxii, 378 pages :
_billustrations;
_c25cm.
504 _aIncludes Bibliographical references.
650 _a1. Philippines
942 _2ddc
_cBK - FIL
_eSecond edition
_n1
999 _c75
_d75